<?xml version="1.0" encoding="UTF-8"?>
<record
    xmlns:xsi="http://www.w3.org/2001/XMLSchema-instance"
    xsi:schemaLocation="http://www.loc.gov/MARC21/slim http://www.loc.gov/standards/marcxml/schema/MARC21slim.xsd"
    xmlns="http://www.loc.gov/MARC21/slim">

  <leader>01956nam a2200253 a 4500</leader>
  <controlfield tag="001">000043650</controlfield>
  <controlfield tag="003">DO-SdBNP</controlfield>
  <controlfield tag="005">20240108140747.0</controlfield>
  <controlfield tag="007">ta</controlfield>
  <controlfield tag="008">140401s1986    dr a          000 0 spa d</controlfield>
  <datafield tag="040" ind1=" " ind2=" ">
    <subfield code="a">DO-SdBNP</subfield>
    <subfield code="b">spa</subfield>
    <subfield code="c">BNPHU</subfield>
    <subfield code="e">rda</subfield>
  </datafield>
  <datafield tag="082" ind1=" " ind2="4">
    <subfield code="2">22</subfield>
    <subfield code="b">E77p</subfield>
  </datafield>
  <datafield tag="100" ind1="1" ind2=" ">
    <subfield code="a">Espinal, Fulgencio</subfield>
    <subfield code="9">8374</subfield>
    <subfield code="e">autor</subfield>
  </datafield>
  <datafield tag="245" ind1="1" ind2="0">
    <subfield code="a">Por las rutas de la historia patria /</subfield>
    <subfield code="c">Fulgencio Espinal.</subfield>
  </datafield>
  <datafield tag="264" ind1=" " ind2=" ">
    <subfield code="a">Santo Domingo :</subfield>
    <subfield code="b">Alfa y Omega,</subfield>
    <subfield code="c">1986.</subfield>
  </datafield>
  <datafield tag="300" ind1=" " ind2=" ">
    <subfield code="a">344 p&#xE1;ginas :</subfield>
    <subfield code="b">Ilustraciones ;</subfield>
    <subfield code="c">21 cm.</subfield>
  </datafield>
  <datafield tag="336" ind1=" " ind2=" ">
    <subfield code="2">rdacontent</subfield>
    <subfield code="a">texto</subfield>
    <subfield code="b">txt</subfield>
  </datafield>
  <datafield tag="337" ind1=" " ind2=" ">
    <subfield code="2">rdamedia</subfield>
    <subfield code="a">sin mediaci&#xF3;n</subfield>
    <subfield code="b">n</subfield>
  </datafield>
  <datafield tag="338" ind1=" " ind2=" ">
    <subfield code="2">rdacarrier</subfield>
    <subfield code="a">volumen</subfield>
    <subfield code="b">nc</subfield>
  </datafield>
  <datafield tag="500" ind1=" " ind2=" ">
    <subfield code="a">Incluye datos biogr&#xE1;ficos del autor en la solapa de la contracubierta.</subfield>
  </datafield>
  <datafield tag="505" ind1=" " ind2=" ">
    <subfield code="a">Sistema electoral y elecciones libres en la Rep&#xFA;blica Dominicana.</subfield>
    <subfield code="t">El Padre Billini y la actual filosof&#xED;a de la Loter&#xED;a nacional.-- La Independencia Dominicana y la solidaridad antillana en la b&#xFA;squeda de la libertad.--Capotillo, fragua de la llama inaplacable de la Restauraci&#xF3;n.-- La ideolog&#xED;a de Duarte y su vigencia en la actual coyuntura que vive la Rep&#xFA;blica Dominicana.-- Nosotros y el resto de la historia II (la crisis no es generada, es heredada.  Nosotros y el reto de la historia III (paralelismo hist&#xF3;rico.--</subfield>
    <subfield code="t"> Nosotros y el reto de la historia IV (nuestra postura actual.-- Jos&#xE9; Mart&#xED;, hombre universal.--  Antecedentes y consecuencias del tiranicidio  del 30 de Mayo.-- 5 de julio hacia la convergencia perrede&#xED;sta para detener la desarticulaci&#xF3;n provocada por la lucha grupal.-- Antecedentes del 24 de abril.--La separaci&#xF3;n y la permanente defensa de la soberan&#xED;a en Duarte.-- Gobiernos de Espallat y Jorge Blanco paralelismo hist&#xF3;rico.-- </subfield>
    <subfield code="t">Sobre la magia de los juegos y la historia de la Loter&#xED;a Mart&#xED; en Montecristi.-- Perfil revolucionario de Virgilio Mainardi Reyna.-- Sabaneta y Santiago Rodr&#xED;guez pueblo y hombres ejemplares.--</subfield>
  </datafield>
  <datafield tag="590" ind1=" " ind2=" ">
    <subfield code="a">Inventariado, 2024 / MF</subfield>
  </datafield>
  <datafield tag="942" ind1=" " ind2=" ">
    <subfield code="2">ddc</subfield>
    <subfield code="c">LBS1</subfield>
  </datafield>
  <datafield tag="952" ind1=" " ind2=" ">
    <subfield code="0">0</subfield>
    <subfield code="1">0</subfield>
    <subfield code="2">ddc</subfield>
    <subfield code="5">1</subfield>
    <subfield code="7">0</subfield>
    <subfield code="8">PD</subfield>
    <subfield code="a">BNPHU</subfield>
    <subfield code="b">BNPHU</subfield>
    <subfield code="c">CT</subfield>
    <subfield code="d">2021-12-16</subfield>
    <subfield code="e">Donado por Colegio Nuestra Se&#xF1;ora de la Lourdes</subfield>
    <subfield code="o">E77p</subfield>
    <subfield code="p">43650-10</subfield>
    <subfield code="r">2020-06-25</subfield>
    <subfield code="w">2020-06-25</subfield>
    <subfield code="y">LBS1</subfield>
    <subfield code="z">Ejemplar autografiado por el autor</subfield>
  </datafield>
  <datafield tag="952" ind1=" " ind2=" ">
    <subfield code="0">0</subfield>
    <subfield code="1">0</subfield>
    <subfield code="2">ddc</subfield>
    <subfield code="5">1</subfield>
    <subfield code="7">0</subfield>
    <subfield code="8">PD</subfield>
    <subfield code="a">BNPHU</subfield>
    <subfield code="b">BNPHU</subfield>
    <subfield code="c">CT</subfield>
    <subfield code="d">2014-02-15</subfield>
    <subfield code="e">Donado por Manuel Ort&#xED;z</subfield>
    <subfield code="l">0</subfield>
    <subfield code="o">E77p</subfield>
    <subfield code="p">2023-0961</subfield>
    <subfield code="r">2023-02-15</subfield>
    <subfield code="t">e.2</subfield>
    <subfield code="w">2023-02-15</subfield>
    <subfield code="y">LBS1</subfield>
    <subfield code="z">Ejemplar autografiado por el autor</subfield>
  </datafield>
  <datafield tag="952" ind1=" " ind2=" ">
    <subfield code="0">0</subfield>
    <subfield code="1">0</subfield>
    <subfield code="2">ddc</subfield>
    <subfield code="5">6</subfield>
    <subfield code="7">0</subfield>
    <subfield code="8">DS</subfield>
    <subfield code="a">BNPHU</subfield>
    <subfield code="b">BNPHU</subfield>
    <subfield code="c">CT</subfield>
    <subfield code="d">2024-01-08</subfield>
    <subfield code="e">Donado por FUNDI</subfield>
    <subfield code="l">0</subfield>
    <subfield code="o">E77p</subfield>
    <subfield code="p">2024-0103</subfield>
    <subfield code="r">2024-01-08</subfield>
    <subfield code="t">e.3</subfield>
    <subfield code="w">2024-01-08</subfield>
    <subfield code="y">LBS1</subfield>
    <subfield code="z">Ejemplar autografiado por el autor</subfield>
  </datafield>
  <datafield tag="999" ind1=" " ind2=" ">
    <subfield code="c">43139</subfield>
    <subfield code="d">43139</subfield>
  </datafield>
</record>
